[Event "Sofia Gerenski Memorial 11th"]
[Site "Sofia"]
[Date "2018.03.22"]
[Round "2"]
[White "Kostov, Nikolai"]
[Black "Dragiev, Drago"]
[Result "0-1"]
[WhiteElo "1631"]
[BlackElo "1955"]
[PlyCount "76"]
[EventDate "2018.03.21"]
[EventType "swiss"]
[EventRounds "7"]
[EventCountry "BUL"]
[SourceTitle "CBM 183 Extra"]
[Source "ChessBase"]
[SourceDate "2018.04.19"]
[SourceVersion "1"]
[SourceVersionDate "2018.04.19"]
[SourceQuality "1"]

1. d4 Nf6 2. c4 g6 3. Nc3 Bg7 4. Nf3 d5 5. e3 0-0 6. cxd5 Nxd5 7. e4 Nxc3 8. bxc3 c5 9. Be3 Nc6 10. h3 Qa5 11. Qd2 Be6 12. Rc1 Rad8 13. d5 Ne5 14. Nxe5 Bxe5 15. Be2 f5 16. Bh6 Rf7 17. c4 Qxd2+ 18. Bxd2 Bc8 19. f4 Bd4 20. e5 g5 21. e6 Rff8 22. fxg5 b5 23. Bf3 bxc4 24. Bc3 Be3 25. Bd2 Bxd2+ 26. Kxd2 Bxe6 27. Kc3 Bxd5 28. Rcd1 e6 29. Rhe1 Kf7 30. Bxd5 Rxd5 31. Kxc4 Rfd8 32. Rxd5 Rxd5 33. Re2 Ke7 34. Rb2 Kd6 35. Rb7 Rd2 36. Rxa7 Rxg2 37. Rxh7 Rxg5 38. a4 Rg8 0-1

[Event "Sofia MGU op 209th"]
[Site "Sofia"]
[Date "2018.03.11"]
[Round "4"]
[White "Kostov, Nikolai"]
[Black "Babatov, Martin"]
[Result "1-0"]
[WhiteElo "1631"]
[BlackElo "1746"]
[PlyCount "67"]
[EventDate "2018.03.10"]
[EventType "swiss"]
[EventRounds "6"]
[EventCountry "BUL"]
[SourceTitle "CBM 183 Extra"]
[Source "ChessBase"]
[SourceDate "2018.04.19"]
[SourceVersion "1"]
[SourceVersionDate "2018.04.19"]
[SourceQuality "1"]

1. d4 c6 2. c4 Nf6 3. Nc3 d5 4. e3 g6 5. cxd5 cxd5 6. Nf3 Bg7 7. Ne5 0-0 8. Be2 Nbd7 9. f4 Nb6 10. 0-0 Bf5 11. Na4 Nxa4 12. Qxa4 a6 13. Qb4 Rb8 14. Bd2 Qd6 15. g4 Be4 16. g5 Ne8 17. Qxd6 Nxd6 18. Nd7 Rbd8 19. Nxf8 Bxf8 20. Ba5 Rd7 21. Rac1 Nf5 22. Kf2 e6 23. Rc8 Ne7 24. Rc7 Rxc7 25. Bxc7 Nc6 26. a3 h6 27. Rc1 hxg5 28. fxg5 Be7 29. Bf4 a5 30. Bb5 Na7 31. Ba4 Bd8 32. Bb8 Nc6 33. Bxc6 bxc6 34. h4 1-0

[Event "Sofia MGU op 204th"]
[Site "Sofia"]
[Date "2018.01.27"]
[Round "2"]
[White "Ivanov, Daniel"]
[Black "Kostov, Nikolai"]
[Result "1/2-1/2"]
[WhiteElo "1758"]
[BlackElo "1631"]
[PlyCount "63"]
[EventDate "2018.01.27"]
[EventType "tourn"]
[EventRounds "5"]
[EventCountry "BUL"]
[SourceTitle "CBM 182 Extra"]
[Source "ChessBase"]
[SourceDate "2018.02.23"]
[SourceVersion "1"]
[SourceVersionDate "2018.02.23"]
[SourceQuality "1"]

1. e4 e6 2. d4 c5 3. c3 cxd4 4. cxd4 Nf6 5. Bd3 d5 6. e5 Nfd7 7. Bb5 Qb6 8. Nc3 Bb4 9. Ba4 Nc6 10. Nf3 0-0 11. Qd3 f6 12. Bc2 f5 13. a3 Be7 14. g4 g6 15. gxf5 Rxf5 16. Rg1 Nf8 17. Bh6 Bd7 18. Rb1 Rc8 19. Qe3 Rxf3 20. Qxf3 Nxd4 21. Qd3 Nxc2+ 22. Qxc2 d4 23. Bxf8 Bxf8 24. Qd3 Be8 25. Ne4 Qa5+ 26. Qd2 Qxe5 27. f3 Bc6 28. Rc1 Rd8 29. Rg5 Qg7 30. Rg4 e5 31. Qd3 Qh6 32. Rc2 1/2-1/2

[Event "Sofia MGU op 202nd"]
[Site "Sofia"]
[Date "2018.01.14"]
[Round "5"]
[White "Kostov, Nikolai"]
[Black "Dimkovski, Stojancho"]
[Result "1/2-1/2"]
[WhiteElo "1631"]
[BlackElo "1731"]
[PlyCount "159"]
[EventDate "2018.01.13"]
[EventType "swiss"]
[EventRounds "6"]
[EventCountry "BUL"]
[SourceTitle "CBM 182 Extra"]
[Source "ChessBase"]
[SourceDate "2018.02.23"]
[SourceVersion "1"]
[SourceVersionDate "2018.02.23"]
[SourceQuality "1"]

1. c4 e5 2. Nc3 Nf6 3. g3 Bb4 4. a3 Bxc3 5. dxc3 h6 6. Bg2 0-0 7. e4 d6 8. Ne2 a5 9. b3 Be6 10. f4 exf4 11. Nxf4 Bg4 12. Qc2 Re8 13. 0-0 Nc6 14. h3 Be6 15. Nd5 Bxd5 16. exd5 Ne5 17. Bf4 a4 18. Bxe5 Rxe5 19. b4 Qe7 20. Rf2 Re3 21. Kh2 Qe5 22. Rf3 Nh5 23. Qf2 Re2 24. Qd4 Qxd4 25. cxd4 Rae8 26. g4 Nf6 27. Raf1 Rd2 28. R1f2 Rxd4 29. Bf1 Rde4 30. Bd3 R4e7 31. Bc2 Ra8 32. Rf4 Nd7 33. Kg3 Nb6 34. Rd4 Nd7 35. Rf3 Re5 36. Rc3 Nb6 37. Re4 Rae8 38. Rxe5 Rxe5 39. c5 Nxd5 40. cxd6 Nxc3 41. dxc7 Re8 42. Bf5 Nd5 43. c8Q Rxc8 44. Bxc8 Nxb4 45. Bxb7 Nc2 46. Bc6 Nxa3 47. Bxa4 Nc4 48. Bc6 g6 49. Bb7 Kg7 50. Bd5 Nd6 51. Bc6 Kf6 52. Kf4 g5+ 53. Kg3 Nc4 54. Bb7 Ne5 55. Bd5 Ng6 56. Bb7 Ke5 57. Bc6 f6 58. Bb7 Kd4 59. Bc6 Ke3 60. Bd7 Nf4 61. Bc8 Ne2+ 62. Kg2 Kf4 63. Ba6 Nd4 64. Bb7 Ne6 65. Bc8 Nc5 66. Bf5 Nb3 67. Bg6 Nd4 68. Kf2 Nc6 69. Be8 Ne5 70. Kg2 Nxg4 71. hxg4 Kxg4 72. Bd7+ f5 73. Bc8 h5 74. Bd7 h4 75. Bc8 Kf4 76. Kh3 Ke4 77. Bd7 f4 78. Kg4 h3 79. Kxh3 f3 80. Kg4 1/2-1/2

[Event "Sofia MGU op 200th"]
[Site "Sofia"]
[Date "2017.12.31"]
[Round "6"]
[White "Dereshki, Dario"]
[Black "Kostov, Nikolai"]
[Result "1-0"]
[WhiteElo "2074"]
[BlackElo "1631"]
[PlyCount "65"]
[EventDate "2017.12.30"]
[EventType "swiss"]
[EventRounds "6"]
[EventCountry "BUL"]
[SourceTitle "CBM 182 Extra"]
[Source "ChessBase"]
[SourceDate "2018.02.23"]
[SourceVersion "1"]
[SourceVersionDate "2018.02.23"]
[SourceQuality "1"]

1. d4 e6 2. c4 c5 3. d5 exd5 4. cxd5 d6 5. Nc3 Be7 6. g3 Na6 7. Bg2 Nc7 8. a4 Rb8 9. Nf3 a6 10. a5 b5 11. axb6 Rxb6 12. 0-0 Nf6 13. e4 0-0 14. Nd2 Re8 15. Nc4 Rb8 16. e5 Ng4 17. e6 f5 18. Qd3 g6 19. f3 Nf6 20. g4 fxg4 21. fxg4 Rf8 22. Bh6 Re8 23. g5 Nh5 24. Rf7 Nxe6 25. dxe6 Bxe6 26. Bd5 Bxg5 27. Bxe6 Rxe6 28. Qd5 Bxh6 29. Qxe6 Qg5+ 30. Kh1 Kh8 31. Re1 Ng7 32. Qxd6 Re8 33. Qf8+ 1-0

[Event "Sofia MGU op 200th"]
[Site "Sofia"]
[Date "2017.12.31"]
[Round "4"]
[White "Ginev, Nikola"]
[Black "Kostov, Nikolai"]
[Result "1/2-1/2"]
[WhiteElo "1743"]
[BlackElo "1631"]
[PlyCount "125"]
[EventDate "2017.12.30"]
[EventType "swiss"]
[EventRounds "6"]
[EventCountry "BUL"]
[SourceTitle "CBM 182 Extra"]
[Source "ChessBase"]
[SourceDate "2018.02.23"]
[SourceVersion "1"]
[SourceVersionDate "2018.02.23"]
[SourceQuality "1"]

1. Nf3 c5 2. g3 Nc6 3. Bg2 g6 4. 0-0 Bg7 5. d3 d6 6. e4 Nf6 7. Nbd2 0-0 8. Re1 Qc7 9. Nf1 Bg4 10. Ne3 Bxf3 11. Bxf3 e6 12. Bg2 Rab8 13. c3 b5 14. Ng4 Nxg4 15. Qxg4 b4 16. c4 Qa5 17. Rf1 Qc7 18. Bf3 Ne5 19. Qf4 Nxd3 20. Qd2 Nxc1 21. Raxc1 a5 22. h4 h5 23. Kg2 Kh7 24. Rcd1 Rbd8 25. Rh1 Qe7 26. Qc2 f5 27. exf5 Rxf5 28. g4 Rxf3 29. Kxf3 Rf8+ 30. Kg2 Qb7+ 31. Kg1 Bd4 32. Rh2 hxg4 33. h5 Kg8 34. Qxg6+ Qg7 35. Qxe6+ Kh8 36. h6 Qe5 37. Qxe5+ dxe5 38. Rd2 g3 39. Rg2 gxf2+ 40. Kf1 a4 41. Rd3 Rg8 42. Rxf2 Rg6 43. Rh2 e4 44. Rdd2 Kh7 45. Rdg2 Rf6+ 46. Ke2 Rf3 47. Rg4 Bxb2 48. Rxe4 Rf7 49. Re6 a3 50. Rh3 Bd4 51. Kd3 b3 52. Re2 Rb7 53. Rh1 b2 54. Rb1 Bf6 55. Rg2 Rd7+ 56. Kc2 Be5 57. Kb3 Ra7 58. Re2 Bf4 59. Re6 Bc1 60. Rc6 Ra5 61. Rb6 Ra7 62. Rb5 Be3 63. Rb6 1/2-1/2

[Event "Sofia MGU op 197th"]
[Site "Sofia"]
[Date "2017.11.26"]
[Round "6"]
[White "Kostov, Nikolai"]
[Black "Georgiev, Nikolay"]
[Result "1-0"]
[WhiteElo "1631"]
[BlackElo "1588"]
[PlyCount "99"]
[EventDate "2017.11.25"]
[EventType "swiss"]
[EventRounds "6"]
[EventCountry "BUL"]
[SourceTitle "CBM 181 Extra"]
[Source "ChessBase"]
[SourceDate "2017.12.12"]
[SourceVersion "1"]
[SourceVersionDate "2017.12.12"]
[SourceQuality "1"]

1. d4 d5 2. e3 Nf6 3. Bd3 Bg4 4. f3 Bh5 5. Nh3 Nbd7 6. c4 e5 7. cxd5 Nxd5 8. 0-0 exd4 9. exd4 Be7 10. Nc3 N7b6 11. Be4 Bg6 12. Re1 Bxe4 13. fxe4 Nf6 14. e5 Nfd5 15. Qg4 g6 16. Rf1 f5 17. exf6 Nxf6 18. Qe6 Nfd5 19. Qf7+ Kd7 20. Nxd5 Rf8 21. Nxb6+ axb6 22. Qd5+ Bd6 23. Bg5 Rxf1+ 24. Rxf1 Qe8 25. Qf7+ Kc6 26. Qc4+ Kd7 27. Qf7+ Qxf7 28. Rxf7+ Kc6 29. Rxh7 Rxa2 30. Rh6 Rxb2 31. Rxg6 b5 32. Nf4 b4 33. d5+ Kb5 34. h4 b3 35. Nd3 Rb1+ 36. Kf2 Kc4 37. Ke2 Rg1 38. Bf6 Kxd5 39. h5 Bf8 40. Nb2 c5 41. Kd3 Rh1 42. Rg5+ Ke6 43. Bc3 b5 44. Ke4 Rh4+ 45. g4 Rh3 46. Nd3 Rxd3 47. Kxd3 c4+ 48. Kd4 b4 49. Kxc4 bxc3 50. Kxb3 1-0

[Event "Sofia MGU op 193rd"]
[Site "Sofia"]
[Date "2017.10.22"]
[Round "4"]
[White "Kostov, Nikolai"]
[Black "Metev, Martin"]
[Result "0-1"]
[WhiteElo "1646"]
[BlackElo "1907"]
[PlyCount "76"]
[EventDate "2017.10.21"]
[EventType "swiss"]
[EventRounds "6"]
[EventCountry "BUL"]
[SourceTitle "CBM 181 Extra"]
[Source "ChessBase"]
[SourceDate "2017.12.12"]
[SourceVersion "1"]
[SourceVersionDate "2017.12.12"]
[SourceQuality "1"]

1. d4 e6 2. e4 d5 3. e5 c5 4. c3 Nc6 5. Nf3 Qb6 6. Qb3 Qxb3 7. axb3 cxd4 8. cxd4 Bb4+ 9. Bd2 Bxd2+ 10. Nbxd2 Nge7 11. Bd3 Nb4 12. Bb1 Bd7 13. 0-0 Bb5 14. Re1 h6 15. Re3 Kd7 16. Ne1 Rhc8 17. Rc3 Rc6 18. Rxc6 Nexc6 19. Ndf3 b6 20. Bc2 Na5 21. Bd1 Rc8 22. h3 f6 23. g4 a6 24. Kh2 Bd3 25. Kg3 Be4 26. Be2 Nxb3 27. Ra3 Na5 28. Ra4 Bxf3 29. Kxf3 Nc2 30. Nxc2 Rxc2 31. b4 Nc6 32. Ke3 fxe5 33. Rxa6 exd4+ 34. Kf3 Ne5+ 35. Kg3 Rxe2 36. Ra7+ Kc6 37. Rxg7 d3 38. f4 d2 0-1

[Event "Sofia MGU op 193rd"]
[Site "Sofia"]
[Date "2017.10.21"]
[Round "1"]
[White "Kostov, Nikolai"]
[Black "Daskalov, Emil"]
[Result "0-1"]
[WhiteElo "1646"]
[BlackElo "2004"]
[PlyCount "112"]
[EventDate "2017.10.21"]
[EventType "swiss"]
[EventRounds "6"]
[EventCountry "BUL"]
[SourceTitle "CBM 181 Extra"]
[Source "ChessBase"]
[SourceDate "2017.12.12"]
[SourceVersion "1"]
[SourceVersionDate "2017.12.12"]
[SourceQuality "1"]

1. d4 Nf6 2. e3 e6 3. c4 c5 4. Nf3 Qc7 5. Nc3 a6 6. Bd3 Be7 7. 0-0 d6 8. h3 0-0 9. e4 Nc6 10. Be3 cxd4 11. Bxd4 Nxd4 12. Nxd4 Rd8 13. Rc1 g6 14. Bb1 Nh5 15. Nce2 e5 16. Nf3 Be6 17. b3 Rac8 18. g4 Ng7 19. Nc3 h5 20. Nh2 Bg5 21. Rc2 hxg4 22. hxg4 Qa5 23. Nd5 Bxd5 24. Qxd5 Qxd5 25. cxd5 Rxc2 26. Bxc2 Rc8 27. Bd3 Rc3 28. Rd1 Ne8 29. Kf1 Nf6 30. f3 Bf4 31. Kg2 Nh7 32. Nf1 g5 33. Ng3 Bxg3 34. Kxg3 Nf8 35. Kf2 Ng6 36. Rd2 Nf4 37. Be2 Kf8 38. Rb2 Ke7 39. a4 Kd7 40. b4 Kc7 41. Bf1 Nd3+ 42. Bxd3 Rxd3 43. a5 Rc3 44. Ke2 b6 45. Kf2 bxa5 46. bxa5 Ra3 47. Rc2+ Kd7 48. Rb2 Rxa5 49. Rb7+ Ke8 50. Rb8+ Ke7 51. Rb7+ Kf8 52. Rd7 Ra2+ 53. Ke3 a5 54. Rxd6 a4 55. Ra6 Ra1 56. d6 Ke8 0-1

[Event "Sofia MGU op 191st"]
[Site "Sofia"]
[Date "2017.10.01"]
[Round "5"]
[White "Kostov, Nikolai"]
[Black "Andreev, Dobrotich"]
[Result "0-1"]
[WhiteElo "1648"]
[BlackElo "1881"]
[PlyCount "108"]
[EventDate "2017.09.30"]
[EventType "swiss"]
[EventRounds "6"]
[EventCountry "BUL"]
[SourceTitle "EXT 2018"]
[Source "ChessBase"]
[SourceDate "2017.10.13"]
[SourceVersion "1"]
[SourceVersionDate "2017.10.13"]
[SourceQuality "1"]

1. d4 d5 2. e3 Nf6 3. Bd3 Bg4 4. Nf3 e6 5. 0-0 Be7 6. Nbd2 Nbd7 7. c4 Bxf3 8. Nxf3 c6 9. cxd5 exd5 10. Qc2 0-0 11. Ne5 h6 12. f4 c5 13. b3 cxd4 14. exd4 Rc8 15. Qe2 Qb6 16. Bb2 Bd6 17. Kh1 Rc7 18. g4 Rfc8 19. Nxd7 Rxd7 20. Bf5 Re7 21. Qg2 Rce8 22. g5 Re2 23. Rf2 Rxf2 24. Qxf2 Ne4 25. Bxe4 Rxe4 26. gxh6 Rxf4 27. Qg2 g6 28. h7+ Kxh7 29. Qh3+ Kg7 30. Rc1 Rf2 31. Qc3 Bf4 32. Rc2 Rxc2 33. Qxc2 Qc7 34. Qg2 Qe7 35. Qc2 Qe1+ 36. Kg2 Be3 37. Kf3 Bg5 38. Qe2 Qh1+ 39. Qg2 Qxg2+ 40. Kxg2 f5 41. Kf3 Kf6 42. h3 Bd2 43. Ba3 Kg5 44. Be7+ Kh5 45. a4 b5 46. axb5 a6 47. Bf6 axb5 48. Kg2 Bg5 49. Kf3 f4 50. Kg2 Bh4 51. Be5 Bf2 52. Bg7 Be3 53. Bf6 f3+ 54. Kf1 Bxd4 0-1

[Event "Sofia MGU op 190th"]
[Site "Sofia"]
[Date "2017.09.24"]
[Round "6"]
[White "Krustev, Krasimir S"]
[Black "Kostov, Nikolai"]
[Result "1-0"]
[WhiteElo "1970"]
[BlackElo "1648"]
[PlyCount "27"]
[EventDate "2017.09.23"]
[EventType "swiss"]
[EventRounds "6"]
[EventCountry "BUL"]
[SourceTitle "CBM 180 Extra"]
[Source "ChessBase"]
[SourceDate "2017.10.06"]
[SourceVersion "1"]
[SourceVersionDate "2017.10.06"]
[SourceQuality "1"]

1. e4 e5 2. Nf3 Nc6 3. Bc4 Nf6 4. d4 Nxe4 5. dxe5 Be7 6. Qd5 0-0 7. Qxe4 d5 8. Bxd5 Bf5 9. Qxf5 Qxd5 10. 0-0 Rfe8 11. Nc3 Qa5 12. Bd2 Rad8 13. Ne4 Qb6 14. Bc3 1-0

[Event "Sofia MGU op 190th"]
[Site "Sofia"]
[Date "2017.09.23"]
[Round "2"]
[White "Kostov, Nikolai"]
[Black "Babatov, Martin"]
[Result "0-1"]
[WhiteElo "1648"]
[BlackElo "1737"]
[PlyCount "94"]
[EventDate "2017.09.23"]
[EventType "swiss"]
[EventRounds "6"]
[EventCountry "BUL"]
[SourceTitle "CBM 180 Extra"]
[Source "ChessBase"]
[SourceDate "2017.10.06"]
[SourceVersion "1"]
[SourceVersionDate "2017.10.06"]
[SourceQuality "1"]

1. d4 c6 2. e4 d5 3. e5 Bf5 4. Bd3 Bxd3 5. Qxd3 e6 6. Nh3 Ne7 7. 0-0 Nf5 8. g4 Nh4 9. Nd2 Be7 10. Nf3 Nxf3+ 11. Qxf3 Nd7 12. c3 h6 13. Bd2 Qb6 14. b4 a5 15. bxa5 Qxa5 16. Qe3 h5 17. g5 g6 18. c4 Qa3 19. cxd5 Qxe3 20. Bxe3 cxd5 21. a4 Bd8 22. Rfb1 Ra7 23. Kg2 Nb6 24. Rb4 Nc4 25. Kf3 Kd7 26. Ke2 Be7 27. Rb3 b6 28. f4 Rha8 29. Nf2 Rxa4 30. Rxa4 Rxa4 31. h4 Nxe3 32. Kxe3 Ra3 33. Rxa3 Bxa3 34. Nd3 Kc6 35. Kd2 Kb5 36. Kc3 Ka4 37. Kc2 b5 38. f5 exf5 39. Nf4 b4 40. Nxd5 b3+ 41. Kb1 Kb5 42. Nf4 Kc4 43. d5 Kd4 44. e6 Ke4 45. Nxh5 gxh5 46. exf7 Kxd5 47. g6 Bf8 0-1